Normal view
MARC view
- Ault, Phillip H.,
Entry Personal Name
001 - CONTROL NUMBER
- control field: 31546
003 - CONTROL NUMBER IDENTIFIER
- control field: NUST
005 - DATE AND TIME OF LATEST TRANSACTION
- control field: 20201014153557.0
008 - FIXED-LENGTH DATA ELEMENTS
- fixed length control field: 201014|| aca||aabn | a|a d
040 ## - CATALOGING SOURCE
- Original cataloging agency: NUST
- Transcribing agency: NUST
100 ## - HEADING--PERSONAL NAME
- Personal name: Ault, Phillip H.,
- Dates associated with a name: 1914-
670 ## - SOURCE DATA FOUND
- Source citation: Work cat.: (NUST)0: Wilcox, Dennis L. 31544, Public relations :, c1986.
